| 000 | 00738cam a22002533a 4500 | ||
|---|---|---|---|
| 001 | 820 | ||
| 003 | PGUSA | ||
| 005 | 20140828082953.0 | ||
| 008 | 060121s2006||||xxu|||||s|||||000 | eng d | ||
| 040 |
_aPGUSA _beng |
||
| 042 | _adc | ||
| 050 | 4 | _aTK | |
| 100 | 1 |
_aDyer, Frank Lewis, _d1870-1941 |
|
| 245 | 1 | 0 |
_aEdison : _bHis Life and Inventions _h[electronic resource] / _cFrank Lewis Dyer |
| 260 |
_bProject Gutenberg, _c2006 |
||
| 500 | _a1910 | ||
| 506 | _aPublic domain in the USA. | ||
| 516 | _aElectronic text | ||
| 653 | _aInventors -- United States -- Biography | ||
| 653 | _aEdison, Thomas A. (Thomas Alva), 1847-1931 | ||
| 830 | 0 |
_aProject Gutenberg _v820 |
|
| 856 | 4 | 0 | _uhttp://www.gutenberg.org/ebooks/820 |
| 942 | _cEB | ||
| 999 |
_c230171 _d230171 |
||